000 03008cam a2200277 4500500
005 20251228080755.0
041 _afre
042 _adc
100 1 0 _aDoucet-Dahlgren
_eauthor
700 1 0 _aDuchâteau, Laurent
_eauthor
700 1 0 _aLepeltier, Céline
_eauthor
245 0 0 _aConstruire de nouvelles représentations du devenir des jeunes sortis de placement
260 _c2015.
500 _a24
520 _aNous présentons la méthodologie de deux recherches-actions portant sur le devenir des enfants placés, au sein de deux institutions gérant, pour l’une, les placements en maison d’enfants à caractère social ou en placement familial, et pour l’autre, ceux en village d’enfants. À partir des données quantitatives et qualitatives, l’article est centré sur l’identification des leviers et des freins à l’insertion des jeunes ayant été accueillis dans ces types d’établissements. Au-delà de l’importance de la durée du placement, du cadre de vie, de l’environnement, les liens familiaux mais aussi ceux créés pendant le placement jouent un rôle central dans le parcours d’insertion de ces enfants devenus adultes. Le discours de ces personnes, reconstruit à partir de souvenirs, donne à voir comment la permanence dans le système de relations prévient les processus d’exclusion sociale. Ces résultats permettent d’ouvrir la réflexion sur de nouvelles formes d’intervention développant l’entraide, la solidarité, mais surtout le maintien de liens déterminants.
520 _aThis article presents the methodology of two action research projects on the future of children in care carried out in two institutions: one a home for children with social difficulties in a family placement; the other a village for children. Presenting results from a quantitative and qualitative study, the article focuses on identifying obstacles and factors favorable to social insertion of young people having lived in this type of institution. While length of stay, environment and organization were found to be important, family relationships and those formed during the stay played a very central role in the pathways to insertion of these children when they became adults. The discourse of these persons, reconstituted from their memories, shows how the permanence of a system of relations prevents processes of social exclusion. These results lead to new thinking about forms of social intervention that could develop mutual help, solidarity and above all maintaining existing and important relationships.
690 _aaccueil de type familial
690 _adevenir et sortie des jeunes majeurs
690 _aplacement résidentiel
690 _afamily placement
690 _afuture of young adults
690 _aresidential placement
690 _atrajectories
786 0 _nVie sociale | 12 | 4 | 2015-11-24 | p. 89-106 | 0042-5605
856 4 1 _uhttps://shs.cairn.info/revue-vie-sociale-2015-4-page-89?lang=fr&redirect-ssocas=7080
999 _c1598831
_d1598831